[Event "13th World Teams Play-off"]
[Site "Jerusalem ISR"]
[Date "2022.11.23"]
[Round "1.2"]
[Board "2"]
[White "Anton Guijarro, David"]
[Black "Radjabov, Teimour"]
[Result "1-0"]
[WhiteTitle "GM"]
[BlackTitle "GM"]
[WhiteElo "2668"]
[BlackElo "2747"]
[WhiteTeam "Spain"]
[BlackTeam "Azerbaijan"]
[WhiteFideId "2285525"]
[BlackFideId "13400924"]
[EventDate "2022.11.23"]

1. d4 Nf6 2. c4 e6 3. Nc3 Bb4 4. f3 c5 5. d5 O-O 6. e4 d6 7. Ne2 Re8 8. Ng3 b5
9. Be2 bxc4 10. Bxc4 e5 11. O-O Nbd7 12. Be3 Nf8 13. Qc2 Ng6 14. a3 Ba5 15. Rab1
Nf4 16. Nge2 N6h5 17. Kh1 g6 18. g4 Nxe2 19. Nxe2 Ng7 20. Ng3 Bd7 21. Qf2 f6 22.
Bh6 Qe7 23. Qe2 Rab8 24. Rbc1 Rf8 25. f4 exf4 26. Rxf4 Qe5 27. Rf2 Rf7 28. Rcf1
Rbf8 29. Bf4 Qe7 30. Kg2 Bd8 31. Bh6 Qe5 32. Bf4 Qe7 33. Bd2 Qe5 34. Bc3 Qg5 35.
Rf4 Qh6 36. Bd2 g5 37. R4f2 Qh4 38. h3 h5 39. Nf5 Nxf5 40. exf5 Re8 41. Qf3 hxg4
42. hxg4 Rh7 43. Qg3 Re4 44. Be2 Bb6 45. Bf3 Re8 46. Qxh4 Rxh4 47. Re1 Rxe1 48.
Bxe1 Rh7 49. Re2 a5 50. Bg3 Bc7 51. b4 axb4 52. axb4 cxb4 53. Rb2 Kf7 54. Rxb4
Ke7 55. Rb7 Ba5 56. Be2 Bc3 57. Bb5 Kd8 58. Bxd6 Bxf5 59. Rb8+ Bc8 60. Ba6 Kd7
61. Rxc8 Kxd6 62. Rxc3 Kxd5 63. Rf3 Ke6 64. Bc4+ Ke5 65. Bd3 Rc7 66. Bf5 Rc6 67.
Re3+ Kd4 68. Re6 1-0

[Event "13th World Teams Play-off"]
[Site "Jerusalem ISR"]
[Date "2022.11.23"]
[Round "1.2"]
[Board "3"]
[White "Vokhidov, Shamsiddin"]
[Black "Volokitin, Andrei"]
[Result "1-0"]
[WhiteTitle "GM"]
[BlackTitle "GM"]
[WhiteElo "2568"]
[BlackElo "2663"]
[WhiteTeam "Uzbekistan"]
[BlackTeam "Ukraine"]
[WhiteFideId "14204223"]
[BlackFideId "14107090"]
[EventDate "2022.11.23"]

1. e4 c5 2. Nf3 d6 3. Bb5+ Nd7 4. a4 Nf6 5. Nc3 a6 6. Be2 g6 7. O-O Bg7 8. d4
cxd4 9. Nxd4 b6 10. Nc6 Qc7 11. Nb4 Bb7 12. Nbd5 Qd8 13. Be3 O-O 14. Qd2 e6 15.
Nxf6+ Nxf6 16. Bf3 Qc7 17. Rfd1 Rfd8 18. Bd4 d5 19. exd5 Nxd5 20. Bxd5 Bxd5 21.
Qe3 Bxd4 22. Rxd4 Bb7 23. Rad1 Rxd4 24. Qxd4 Rc8 25. h4 h5 26. Rd2 b5 27. axb5
axb5 28. f3 e5 29. Qe3 Ra8 30. Nxb5 Ra1+ 31. Kh2 Qc4 32. Rd8+ Kh7 33. Qg5 Bxf3
34. Nd4 Be4 35. Qf6 1-0

[Event "13th World Teams Play-off"]
[Site "Jerusalem ISR"]
[Date "2022.11.24"]
[Round "2.1"]
[Board "4"]
[White "Sethuraman, S.P."]
[Black "Vakhidov, Jakhongir"]
[Result "0-1"]
[WhiteTitle "GM"]
[BlackTitle "GM"]
[WhiteElo "2643"]
[BlackElo "2607"]
[WhiteTeam "India"]
[BlackTeam "Uzbekistan"]
[WhiteFideId "5021596"]
[BlackFideId "14201801"]
[EventDate "2022.11.23"]

1. e4 c5 2. Nf3 Nc6 3. d4 cxd4 4. Nxd4 g6 5. c4 Bg7 6. Be3 Qb6 7. Nb3 Qd8 8. Qd2
Nf6 9. Nc3 Ng4 10. Bf4 d6 11. h3 Nf6 12. Bh6 O-O 13. Bxg7 Kxg7 14. O-O-O Qb6 15.
g4 Be6 16. f4 a5 17. f5 a4 18. Na1 Bd7 19. Nc2 Qc5 20. Be2 Ne5 21. g5 Nh5 22.
Bxh5 gxh5 23. f6+ exf6 24. Qf4 Be6 25. Rhg1 Nd3+ 26. Rxd3 Qxg1+ 27. Nd1 Qxg5 28.
Rg3 Bg4 29. Qe3 Rac8 30. hxg4 hxg4 31. Kb1 Qxe3 32. Ncxe3 h5 33. Nf5+ Kh7 34.
Nde3 Rce8 35. Nxd6 Re6 36. Nef5 b6 37. Rg1 Kg6 38. Kc2 Kg5 39. Rd1 h4 40. Ne3 h3
41. Rd5+ Re5 42. Rd1 Re6 43. Rd5+ Kf4 44. Kd3 Re5 45. Ke2 Rxd5 46. Nxd5+ Ke5 47.
Nf5 Kxe4 48. Ng3+ Ke5 49. Nxb6 Rd8 50. c5 Kf4 51. Nh5+ Kg5 52. Ng3 Rb8 53. Nc4
f5 54. c6 f4 55. Ne4+ Kh4 56. Kf1 g3 57. Ned2 f6 58. Nd6 h2 59. Kg2 Rxb2 60. Nc4
f3+ 61. Kh1 Kh3 0-1